My dad the tuk tuk driver / (Record no. 7192)
[ view plain ]
| 000 -LEADER | |
|---|---|
| fixed length control field | 01376nam a22002657a 4500 |
| 001 - CONTROL NUMBER | |
| control field | 7192 |
| 003 - CONTROL NUMBER IDENTIFIER | |
| control field | FISKH |
| 005 - DATE AND TIME OF LATEST TRANSACTION | |
| control field | 20250702093650.0 |
| 008 - FIXED-LENGTH DATA ELEMENTS--GENERAL INFORMATION | |
| fixed length control field | 250702b cb ||||| |||| 00| 0 eng d |
| 020 ## - INTERNATIONAL STANDARD BOOK NUMBER | |
| International Standard Book Number | 9781937954062 |
| 040 ## - CATALOGING SOURCE | |
| Original cataloging agency | FISKH |
| Language of cataloging | eng |
| Transcribing agency | FISKH |
| Modifying agency | FISKH |
| 050 ## - LIBRARY OF CONGRESS CALL NUMBER | |
| Classification number | PZ7 |
| 082 ## - DEWEY DECIMAL CLASSIFICATION NUMBER | |
| Classification number | 591.6 |
| 100 ## - MAIN ENTRY--PERSONAL NAME | |
| Personal name | Falconer, Leslie |
| 245 ## - TITLE STATEMENT | |
| Title | My dad the tuk tuk driver / |
| Statement of responsibility, etc. | by Leslie Falconer ; Photographs by Kira Melisse photography |
| 260 ## - PUBLICATION, DISTRIBUTION, ETC. | |
| Place of publication, distribution, etc. | Michigan : |
| Name of publisher, distributor, etc. | Experience Early Learning Company, |
| Date of publication, distribution, etc. | 2013. |
| 300 ## - PHYSICAL DESCRIPTION | |
| Extent | 34 pages : |
| Other physical details | color illustrations ; |
| Dimensions | 25 x 26 cm |
| 520 ## - SUMMARY, ETC. | |
| Summary, etc. | Told through the eyes of a young Cambodian boy, this warm and engaging picture book follows his father as he works as a tuk‑tuk driver—Cambodia's iconic motorcycle taxi. Readers ride along as they pick up diverse passengers, pass local markets and temples, and the boy learns how his father treats each person with respect and kindness. Interwoven with Cambodian cultural elements, it brings to life the vibrancy of daily life. A bonus page adds fun Cambodia trivia, such as the koupry (national animal) and local facts. |
| 521 8# - TARGET AUDIENCE NOTE | |
| Target audience note | 160<br/> |
| Source | Lexile estimate<br/> |
| 521 8# - TARGET AUDIENCE NOTE | |
| Target audience note | E<br/> |
| Source | Raz-Plus<br/> |
| 650 ## - SUBJECT ADDED ENTRY--TOPICAL TERM | |
| Topical term or geographic name entry element | Cultural diversity |
| Form subdivision | Community work |
| General subdivision | Father–child relationship |
| Chronological subdivision | Cambodia daily life |
| 700 ## - ADDED ENTRY--PERSONAL NAME | |
| Personal name | Melisse, Kira |
| Relator term | illustrator |
| 942 ## - ADDED ENTRY ELEMENTS (KOHA) | |
| Source of classification or shelving scheme | Dewey Decimal Classification |
| Koha item type | Books |
| Suppress in OPAC | No |
| Withdrawn status | Lost status | Source of classification or shelving scheme | Damaged status | Not for loan | Collection | Home library | Current library | Shelving location | Date acquired | Total Checkouts | Full call number | Barcode | Date last seen | Copy number | Price effective from | Koha item type |
|---|---|---|---|---|---|---|---|---|---|---|---|---|---|---|---|---|
| Dewey Decimal Classification | Non-Fiction | Footprints International School Library Network Toul Kork Campus | Footprints International School Library Network Toul Kork Campus | TK Primary Library Room(4th Floor), Bookcase 7, Shelves 57-60, Dark Green Books | 07/02/2025 | FAL 591.6 PZ7 | FISBK06073 | 07/02/2025 | 1 | 07/02/2025 | Books |
